Costing and Financing of Land Administration Services (CoFLAS) in Developing Countries (Record no. 116078)
[ view plain ]
| 000 -LEADER | |
|---|---|
| fixed length control field | 01796cam a22002895a 4500 |
| 001 - CONTROL NUMBER | |
| control field | L159660 |
| 008 - FIXED-LENGTH DATA ELEMENTS--GENERAL INFORMATION | |
| fixed length control field | 171205s2015 xxk f 000 0 eng d |
| 035 ## - SYSTEM CONTROL NUMBER | |
| System control number | (Sirsi) u159660 |
| 041 ## - LANGUAGE CODE | |
| Language code of text/sound track or separate title | eng |
| 050 04 - LIBRARY OF CONGRESS CALL NUMBER | |
| Classification number | 333.32 $2 18 |
| 110 ## - MAIN ENTRY--CORPORATE NAME | |
| Corporate name or jurisdiction name as entry element | Global Land Tool Network |
| 245 ## - TITLE STATEMENT | |
| Title | Costing and Financing of Land Administration Services (CoFLAS) in Developing Countries |
| Medium | [electronic resource] |
| 260 ## - PUBLICATION, DISTRIBUTION, ETC. | |
| Name of publisher, distributor, etc. | Global Land Tool Network |
| Date of publication, distribution, etc. | 2015 |
| 505 ## - FORMATTED CONTENTS NOTE | |
| Formatted contents note | Executive Summary -- Introduction -- Scope of the Tool -- Process for Developing CoFLAS -- Tool Description -- Financing LAS Reform -- Conclusions -- Reference Materials -- Glossary and Definitions -- Annexes - CoFLAS Tool and Questionnaire |
| 520 ## - SUMMARY, ETC. | |
| Summary, etc. | Sets out the development and initial formulation of CoFLAS, providing a decision-support tool and methodology across the process of costing and financing of land administration services (LAS) in developing countries. The underlying assumption of the tool is that without modernizing the way services are provided in land offices and making them effective, cost efficient, affordable and sustainable, developing countries will find it difficult to ensure secure access to land and property to all including the poor and the vulnerable. |
| 650 ## - SUBJECT ADDED ENTRY--TOPICAL TERM | |
| Topical term or geographic name entry element | LAND ADMINISTRATION SYSTEMS |
| 650 ## - SUBJECT ADDED ENTRY--TOPICAL TERM | |
| Topical term or geographic name entry element | DEVELOPING COUNTRIES |
| 650 ## - SUBJECT ADDED ENTRY--TOPICAL TERM | |
| Topical term or geographic name entry element | LAND OWNERSHIP |
| 650 ## - SUBJECT ADDED ENTRY--TOPICAL TERM | |
| Topical term or geographic name entry element | PROPERTY OWNERSHIP |
| 651 #4 - SUBJECT ADDED ENTRY--GEOGRAPHIC NAME | |
| Geographic name | International |
| 690 ## - LOCAL SUBJECT ADDED ENTRY--TOPICAL TERM (OCLC, RLIN) | |
| Topical term or geographic name as entry element | Land use |
| 9 (RLIN) | 6251 |
| 710 1# - ADDED ENTRY--CORPORATE NAME | |
| Corporate name or jurisdiction name as entry element | Land Equity International |
| 710 1# - ADDED ENTRY--CORPORATE NAME | |
| Corporate name or jurisdiction name as entry element | UN Habitat |
| 9 (RLIN) | 5811 |
| 856 40 - ELECTRONIC LOCATION AND ACCESS | |
| Uniform Resource Identifier | <a href="https://www.gltn.net/index.php/publications/publications/send/2-gltn-documents/2214-costing-and-financing-of-land-administration-services-coflas-in-developing-countries">https://www.gltn.net/index.php/publications/publications/send/2-gltn-documents/2214-costing-and-financing-of-land-administration-services-coflas-in-developing-countries</a> |
| Public note | View the report free of charge from www.gltn.net |
| 942 ## - ADDED ENTRY ELEMENTS (KOHA) | |
| Suppress in OPAC | 0 |
| 948 ## - LOCAL PROCESSING INFORMATION (OCLC); SERIES PART DESIGNATOR (RLIN) | |
| c (OCLC) | 21/01/1999 |
| Withdrawn status | Lost status | Source of classification or shelving scheme | Damaged status | Not for loan | Home library | Current library | Shelving location | Date acquired | Total Checkouts | Full call number | Barcode | Date last seen | Copy number | Price effective from | Koha item type |
|---|---|---|---|---|---|---|---|---|---|---|---|---|---|---|---|
| Dewey Decimal Classification | Virtual | Virtual | Online | 05/12/2017 | ONLINE PUBLICATION | 159660-2001 | 06/08/2019 | 1 | 06/08/2019 | Book |